Unique First Letter European Capitals Quiz Stats

 Plays Quiz Updated May 29, 2019

Score 0/7 Timer 01:30
1 Play Today
Capital City % Correct
Oslo
79.2%
Helsinki
67.2%
Dublin
63.3%
Zagreb
62.2%
Warsaw
56.3%
Kyiv
50.1%
Nicosia
34.9%

You're not logged in!

Compare scores with friends on all Sporcle quizzes.
OR
Log In

Sporcle TV

Today on Sporcle TV


Watch our educational content, quiz creation guides, and fun videos on Sporcle TV.

Show Comments

Extras

Top Quizzes Today


Score Distribution

Your Account Isn't Verified!

In order to create a playlist on Sporcle, you need to verify the email address you used during registration. Go to your Sporcle Settings to finish the process.

Report this User

Report this user for behavior that violates our Community Guidelines.

Details: